000
00330nam a22001337a 4500
008
181102b xxu||||| |||| 00| 0 eng d
020
_a
9780195173642
041
_a
eng
080
_a
159.9
100
_a
50
101
_a
PSI
245
_a
Treating and Preventing Adolescent Mental Health Disorders
_c
Evans,D.L
942
_2
udc
_c
BK
999
_c
51570
_d
51570